00617nam a22002057a 450000500170000001000130001702000220003003500130005203700160006504000120008108200150009310000180010824501080012626000330023427000420026730000320030950000200034165000210036165000290038220170124110040.0 aA-251528 c00.00a0446512303 aA-251528 bCen Lib/Ret aDPLbEN a646.7bSAF aSaffon, M. J. a Youthlift : how to firm your neck, chin, and shoulders with minutes-a-day exercises /cby M. J. Saffon c1981aNew YorkbWarner Books bNew Yorka75 Rockefeller Plazae10019 axvii,107p.:c21cm(Hb)bill. aIncludes index  aBeauty, Personal aSkin -- Care and hygiene